Cities Where TV Shows Take Place - Statistics

General Stats
  • This quiz has been taken 1,121 times
    1,113 since last reset
  • The average score is 6 of 20
Answer Stats
Hint Answer % Correct
Friends New York
94%
The Simpsons Springfield
79%
The Flinstones Bedrock
54%
Dexter Miami
54%
SpongeBob SquarePants Bikini Bottom
42%
iCarly Seattle
42%
The Office Scranton
41%
Family Guy Quahog
40%
The Big Bang Theory Pasadena
38%
Breaking Bad Albuquerque
35%
Two And A Half Men Malibu
32%
Happy Days Milwaukee
32%
Once Upon A Time Storybrooke
16%
Pretty Little Liars Rosewood
10%
American Dad Langley Falls
9%
Duck Dynasty Monroe
7%
Coronation Street Weatherfield
7%
Arrested Development Newport Beach
3%
Little Mosque on the Prairie Mercy
2%
Bates Motel White Pine Bay
1%
No matching quizzes found
Score Distribution
Percent of People with Each Score
Percentile by Number Answered
Your Score History
You have not taken this quiz since the last reset